दोहोदय/ (Record no. 213587)

MARC details
000 -LEADER
fixed length control field 10753nam a22002417a 4500
005 - DATE AND TIME OF LATEST TRANSACTION
control field 20251007111606.0
010 ## - LCCN (DPL NO)
LC control number HIN-130470
020 ## - INTERNATIONAL STANDARD BOOK NUMBER
International Standard Book Number 9788178572024
035 ## - SYSTEM CONTROL NUMBER
System control number HN-102816
037 ## - SOURCE OF ACQUISITION
Source of stock number/acquisition DBAD
Stock number 1
082 ## - DEWEY DECIMAL CLASSIFICATION NUMBER
Classification number 821
Edition number 1
100 ## - MAIN ENTRY--PERSONAL NAME
Personal name उदय नारायण
245 ## - TITLE STATEMENT
Title दोहोदय/
Statement of responsibility, etc उदय नारायण
Medium हिंदी
250 ## - EDITION STATEMENT
Edition statement 1
260 ## - PUBLICATION, DISTRIBUTION, ETC. (IMPRINT)
Place of publication, distribution, etc कानपुर नगर
Name of publisher, distributor, etc उदय नारायण 'उदय'
Date of publication, distribution, etc 2020
270 ## - ADDRESS
Address 55,संजय नगर,नौबस्ता
City कानपुर नगर
Postal code 208021
300 ## - PHYSICAL DESCRIPTION
Extent 112 पृष्ठ;
Dimensions 21सेमी(सजिल्द)
490 ## - SERIES STATEMENT
Series statement
700 ## - ADDED ENTRY--PERSONAL NAME
9 (RLIN) 84043
700 ## - ADDED ENTRY--PERSONAL NAME
9 (RLIN) 84044
700 ## - ADDED ENTRY--PERSONAL NAME
9 (RLIN) 84045
942 ## - ADDED ENTRY ELEMENTS (KOHA)
Source of classification or shelving scheme Dewey Decimal Classification
Item type Hindi Books
Classification part 821
Call number suffix नाराय
Holdings
Withdrawn status Lost status Not for loan Home library Current library Date acquired Source of acquisition Cost, normal purchase price Full call number Barcode Copy number Cost, replacement price Koha item type
      Central Library Central Library 07/10/2025 Delivery of Books Act Division 120.00 821 नाराय HN-102816 1 120.00 Hindi Books

© Delhi Public Library
Hit Counter
free hit counter